000 00733nam a22002177a 4500
003 OSt
005 20260116032322.0
008 260116b |||||||| |||| 00| 0 eng d
020 _a0-534-21954-3.
040 _aDWC-Main Lib.
_cOC
082 _24th ed.
_aCirc. 153 R326 1996
100 _aReed, Stephen K.
245 _aCognition : theory and applications
_btheory and applications/
_cStephen K. Reed
260 _aPacific Grove :
_bBrooks/Cole Publishing Company,
_cc1996.
300 _axix, 488 p :
_b illustration ;
_c23 cm.
504 _aIncludes bibliographical references and index.
650 _a1. Cognition.
650 _a2. Cognitive psychology.
760 _b4th ed.
942 _2ddc
_cBK-CIRC
_e4th ed.
_hCirc.
_n0
999 _c7483
_d7483